[Event "CZE-chT1W 0708"]
[Site "Czech Republic"]
[Date "2007.11.25"]
[Round "3.2"]
[White "Prymula, Roman"]
[Black "Lorenc, Tomas"]
[Result "1-0"]
[WhiteElo "2287"]
[BlackElo "2164"]
[PlyCount "121"]
[EventDate "2007.10.28"]
[EventType "team"]
[EventRounds "11"]
[EventCountry "CZE"]
[SourceTitle "EXT 2009"]
[Source "ChessBase"]
[SourceDate "2008.11.26"]
[SourceVersion "1"]
[SourceVersionDate "2008.11.26"]
[SourceQuality "1"]
[WhiteTeam "Hradec Kralove"]
[BlackTeam "Karlovy Vary"]
[WhiteTeamCountry "CZE"]
[BlackTeamCountry "CZE"]

1. d4 Nf6 2. Bg5 g6 3. Nd2 Bg7 4. e4 d6 5. c3 0-0 6. Be2 c6 7. h4 h5 8. Bxf6 Bxf6 9. g4 hxg4 10. Bxg4 Kg7 11. Qf3 Rh8 12. Bxc8 Qxc8 13. h5 c5 14. dxc5 Qxc5 15. hxg6 Rxh1 16. Qxh1 fxg6 17. Ne2 Nd7 18. Qh3 Nf8 19. f4 Qh5 20. Qg2 Bh4+ 21. Kd1 Ne6 22. Kc2 Rf8 23. f5 Nc5 24. b4 Nxe4 25. Qxe4 Qxf5 26. Qxf5 gxf5 27. Nf4 Kf7 28. Rh1 Bf6 29. Rh7+ Kg8 30. Rh5 Rc8 31. Nd5 Kf7 32. Rxf5 Ke6 33. Rh5 Be5 34. c4 b5 35. Rh6+ Bf6 36. Nxf6 exf6 37. Kd3 bxc4+ 38. Nxc4 d5 39. Na5 Rg8 40. Rh7 Rg3+ 41. Kc2 Rg2+ 42. Kb3 f5 43. Rxa7 f4 44. Nc6 f3 45. Nd4+ Kf6 46. Ra6+ Ke7 47. Re6+ Kd7 48. Rf6 f2 49. Ka4 Ke7 50. Rf5 Rg4 51. Ne2 Rg2 52. Nd4 Rg4 53. Nc6+ Kd6 54. Rf6+ Kc7 55. Kb5 Rg2 56. a4 Rg5 57. Rf7+ Kd6 58. Rxf2 d4+ 59. Kb6 d3 60. a5 Kd5 61. a6 1-0

[Event "CZE-chT1W 0607"]
[Site "Czech Republic"]
[Date "2007.03.04"]
[Round "9.2"]
[White "Prymula, Roman"]
[Black "Bujnoch, Radek"]
[Result "1-0"]
[WhiteElo "2277"]
[BlackElo "2250"]
[PlyCount "167"]
[EventDate "2006.10.29"]
[EventType "team"]
[EventRounds "11"]
[EventCountry "CZE"]
[SourceTitle "EXT 2009"]
[Source "ChessBase"]
[SourceDate "2008.11.26"]
[SourceVersion "1"]
[SourceVersionDate "2008.11.26"]
[SourceQuality "1"]
[WhiteTeam "Hradec Kralove"]
[BlackTeam "Chrudim"]
[WhiteTeamCountry "CZE"]
[BlackTeamCountry "CZE"]

1. d4 d5 2. Nf3 Nf6 3. e3 e6 4. Bd3 c6 5. 0-0 Nbd7 6. c4 dxc4 7. Bxc4 b5 8. Bd3 a6 9. Qe2 c5 10. b3 cxd4 11. Nxd4 Bd6 12. Bb2 Bb7 13. Nd2 0-0 14. Rac1 Rc8 15. Bb1 Rxc1 16. Rxc1 Qb8 17. Nf1 Rc8 18. Rd1 Bb4 19. Ng3 Bc3 20. Bxc3 Rxc3 21. Qd2 Rc8 22. Nde2 Qc7 23. f3 Qc5 24. Kf2 Kf8 25. Ne4 Bxe4 26. Bxe4 Nxe4+ 27. fxe4 Nf6 28. Ke1 Nxe4 29. Qa5 Qc6 30. Rc1 Nc5 31. Kf1 Qd7 32. Qa3 b4 33. Qxb4 Qe7 34. Qc3 a5 35. a3 Rc7 36. Qxa5 Qf6+ 37. Kg1 Qe5 38. Qc3 Qd6 39. Qd4 Qe7 40. b4 Nb7 41. Rxc7 Qxc7 42. Nc3 e5 43. Qd3 g6 44. h3 f5 45. Kh1 f4 46. exf4 exf4 47. a4 Nd6 48. Qd4 Nf5 49. Qc5+ Qxc5 50. bxc5 Ke8 51. a5 Kd7 52. a6 Kc6 53. Nb5 Ne7 54. Nd4+ Kc7 55. Ne6+ Kb8 56. Kg1 Ka7 57. Kf2 h6 58. Nxf4 Kxa6 59. Ke3 Kb5 60. Kd4 g5 61. Nd3 h5 62. Ke4 Kc4 63. g3 g4 64. h4 Kb5 65. Nf4 Kxc5 66. Nxh5 Kd6 67. Kf4 Ke6 68. Kxg4 Kf7 69. Kh3 Kg6 70. g4 Nc6 71. Kg3 Ne5 72. Nf4+ Kf6 73. Nh3 Nf7 74. Kf4 Kg6 75. Ng5 Nd6 76. h5+ Kh6 77. Ne4 Ne8 78. Ng3 Kg7 79. Nf5+ Kf7 80. g5 Nc7 81. Ke5 Kg8 82. g6 Ne8 83. h6 Nc7 84. Ne7+ 1-0

[Event "CZE-chT1W 0607"]
[Site "Czech Republic"]
[Date "2007.01.21"]
[Round "6.3"]
[White "Prymula, Roman"]
[Black "Sedy, Pavel"]
[Result "1-0"]
[WhiteElo "2277"]
[BlackElo "2248"]
[PlyCount "63"]
[EventDate "2006.10.29"]
[EventType "team"]
[EventRounds "11"]
[EventCountry "CZE"]
[SourceTitle "EXT 2009"]
[Source "ChessBase"]
[SourceDate "2008.11.26"]
[SourceVersion "1"]
[SourceVersionDate "2008.11.26"]
[SourceQuality "1"]
[WhiteTeam "Hradec Kralove"]
[BlackTeam "Vrsovice"]
[WhiteTeamCountry "CZE"]
[BlackTeamCountry "CZE"]

1. d4 e6 2. Nf3 d5 3. c3 Bd6 4. Bg5 Nf6 5. Nbd2 Nbd7 6. e4 dxe4 7. Nxe4 Be7 8. Ng3 0-0 9. Qc2 c5 10. 0-0-0 Qa5 11. Kb1 b6 12. h4 Bb7 13. Ne5 Rfd8 14. Nc4 Qb5 15. Nd6 Qc6 16. Nxb7 Qxb7 17. Be2 Qxg2 18. Rhg1 Qb7 19. Nh5 Kh8 20. Nxg7 cxd4 21. Nh5 Rg8 22. cxd4 Rae8 23. Bh6 Rg6 24. Bg7+ Kg8 25. Bxf6 Nxf6 26. Nxf6+ Bxf6 27. Bd3 Rxg1 28. Rxg1+ Kh8 29. Bxh7 Bxd4 30. Be4 Qb8 31. Rg5 Qf4 32. Qe2 1-0

[Event "CZE-chT2c 0607"]
[Site "Czech Republic"]
[Date "2007.01.14"]
[Round "6.1"]
[White "Prymula, Roman"]
[Black "Chmiel, Pavel"]
[Result "1-0"]
[WhiteElo "2277"]
[BlackElo "2295"]
[PlyCount "75"]
[EventDate "2006.10.15"]
[EventType "team"]
[EventRounds "11"]
[EventCountry "CZE"]
[SourceTitle "EXT 2008"]
[Source "ChessBase"]
[SourceDate "2007.11.25"]
[SourceVersion "1"]
[SourceVersionDate "2007.11.25"]
[SourceQuality "1"]
[WhiteTeam "Hradec Kralove II"]
[BlackTeam "Kolin"]
[WhiteTeamCountry "CZE"]
[BlackTeamCountry "CZE"]

1. d4 d5 2. Nf3 Nf6 3. c3 e6 4. Bg5 Be7 5. Nbd2 Nbd7 6. e3 c5 7. Bd3 Qc7 8. Qe2 h6 9. Bh4 Qb6 10. Rb1 g5 11. Bg3 Nh5 12. Be5 Nxe5 13. Nxe5 Nf6 14. Bb5+ Bd7 15. Bxd7+ Nxd7 16. Nxd7 Kxd7 17. dxc5 Bxc5 18. e4 Rad8 19. 0-0 Kc8 20. b4 Bd6 21. c4 Qd4 22. c5 Bf4 23. Nb3 Qc4 24. Qh5 Rd7 25. exd5 exd5 26. g3 Bc7 27. Rfc1 Qe4 28. c6 bxc6 29. Nc5 Qf5 30. Nxd7 Kxd7 31. Kg2 Bb6 32. Rb2 d4 33. a4 Re8 34. a5 Bd8 35. Rd2 Bf6 36. Qxf7+ Re7 37. Rxd4+ Kc7 38. Qd5 1-0